Uneasy partners : (Record no. 22077)

MARC details
000 -LEADER
fixed length control field 01055nam a2200313 i 4500
001 - CONTROL NUMBER
control field 4123037
003 - CONTROL NUMBER IDENTIFIER
control field BDDh-ASL
005 - DATE AND TIME OF LATEST TRANSACTION
control field 20231015030100.0
008 - FIXED-LENGTH DATA ELEMENTS--GENERAL INFORMATION
fixed length control field 750715s1975 ii b 001 0 eng
010 ## - LIBRARY OF CONGRESS CONTROL NUMBER
LC control number 75902423
020 ## - INTERNATIONAL STANDARD BOOK NUMBER
Terms of availability Rs65.00
040 ## - CATALOGING SOURCE
Original cataloging agency DLC
Transcribing agency DLC
Modifying agency DLC
-- BDDh-ASL
043 ## - GEOGRAPHIC AREA CODE
Geographic area code a-ii---
-- a-np---
050 00 - LIBRARY OF CONGRESS CALL NUMBER
Classification number DS450.N3
Item number J46
082 00 - DEWEY DECIMAL CLASSIFICATION NUMBER
Classification number 327.54
Item number JHU
100 1# - MAIN ENTRY--PERSONAL NAME
Personal name Jha, Shree Krishna,
Dates associated with a name 1938-
245 10 - TITLE STATEMENT
Title Uneasy partners :
Remainder of title India and Nepal in the post-colonial era /
Statement of responsibility, etc. Shree Krishna Jha.
250 ## - EDITION STATEMENT
Edition statement 1st ed.
260 ## - PUBLICATION, DISTRIBUTION, ETC.
Place of publication, distribution, etc. New Delhi :
Name of publisher, distributor, etc. Manas Publications,
Date of publication, distribution, etc. 1975.
300 ## - PHYSICAL DESCRIPTION
Extent 344 p. ;
Dimensions 23 cm.
440 #0 - SERIES STATEMENT/ADDED ENTRY--TITLE
Title Studies in Asian history and politics ;
Volume/sequential designation 2
500 ## - GENERAL NOTE
General note "Revised and updated version of the author's Ph.D. dissertation ... Jawaharlal Nehru University, New Delhi."
500 ## - GENERAL NOTE
General note Includes index.
504 ## - BIBLIOGRAPHY, ETC. NOTE
Bibliography, etc. note Bibliography: p. [321]-336.
651 #0 - SUBJECT ADDED ENTRY--GEOGRAPHIC NAME
Geographic name India
General subdivision Foreign relations
Geographic subdivision Nepal.
651 #0 - SUBJECT ADDED ENTRY--GEOGRAPHIC NAME
Geographic name Nepal
General subdivision Foreign relations
Geographic subdivision India.
906 ## - LOCAL DATA ELEMENT F, LDF (RLIN)
a 7
b cbc
c orignew
d 4
e ncip
f 19
g y-gencatlg
942 ## - ADDED ENTRY ELEMENTS (KOHA)
Source of classification or shelving scheme Dewey Decimal Classification
Koha item type Books
Holdings
Withdrawn status Lost status Source of classification or shelving scheme Damaged status Not for loan Collection code Home library Current library Shelving location Date acquired Source of acquisition Total Checkouts Full call number Barcode Date last seen Copy number Price effective from Koha item type
    Dewey Decimal Classification     Non-fiction Asiatic Society Library Asiatic Society Library General Stacks 02/20/2021 ASB Collection   327.54 JHU 106197 02/20/2021 C-1 02/20/2021 Books

Powered by Koha